Hunderassen erraten - Statistiken

Allgemein
  • Dieses Quiz wurde 806 mal gespielt
  • Das Durchschnittsergebnis liegt bei 5 aus 16
Antwortstatistiken
Bildquiz Hint Antwort % Korrekt
Vereinigtes Königreich Beagle
88%
Schweiz Berner Sennenhund
71%
Deutschland Deutsche Dogge
57%
Mexiko Chihuahua
56%
China Chow-Chow
42%
Afghanistan Afghanischer Windhund
27%
Vereinigtes Königreich Bullterrier
25%
Vereinigte Staaten Australian Shepherd
23%
Belgien / Frankreich Papillon
16%
Deutschland Deutscher Pinscher
15%
Vereinigtes Königreich Bobtail
13%
Ungarn Puli
12%
Vereinigtes Königreich Airedale Terrier
6%
Vereinigtes Königreich Bearded Collie
4%
Spanien (Kanaren) Bichon Frisé
4%
Vereinigtes Königreich Cairn Terrier
2%
Keine übereinstimmenden Quizze gefunden
Verteilung der Resultate
Anzahl Personen mit jedem Resultat
Perzentil nach korrekt beantworteten Fragen
Ihre Resultats-Entwicklung
Sie haben dieses Quiz noch nicht gespielt